00383nam a22001577a 4500003000500000005001700005008004100022040000900063082001200072100002000084245002400104250001100128260004700139300001500186650002400201CEME20210628202724.0210120b xxu||||| |||| 00| 0 eng d cceme a546 SHA aSharpe, Alan .G aInorganic chemistry a3RD ED aRAWALPINDIbNATIONAL BOOK FOUNDATIONc2007 aXVI, 697 P aINORGANIC CHEMISTRY